ბათუმის შოთა რუსთაველის სახელმწიფო უნივერსიტეტის ბიბლიოთეკა

ჩანაწერი Personal Name

ჩანაწერთა რაოდენობა, რომელიც გამოყენებულია: 1

001 - CONTROL NUMBER

  • control field: 10682

003 - CONTROL NUMBER IDENTIFIER

  • control field: GE_BSU

005 - DATE AND TIME OF LATEST TRANSACTION

  • control field: 20210323141007.0

008 - FIXED-LENGTH DATA ELEMENTS

  • fixed length control field: 210323|| aca||aabn | a|a d

040 ## - CATALOGING SOURCE

  • Original cataloging agency: GE_BSU
  • Transcribing agency: GE_BSU

100 ## - HEADING--PERSONAL NAME

  • Personal name: მიქაშავიძე, ე.

670 ## - SOURCE DATA FOUND

  • Source citation: Work cat.: (GE_BSU)51702: მიქაშავიძე, ე., შავი ზღვის საქართველოს შელფის მაკრობენთოსი, ბიომრავალფეროვნება და თანამედროვე მდგომარეობა /